000 01144nam a2200301 a 4500
001 ebr10633960
003 CaPaEBR
006 m u
007 cr cn|||||||||
008 121220s2010 wlk sb 001 0beng d
020 _z9780708321928
020 _z9780708322895 (e-book)
040 _aCaPaEBR
_cCaPaEBR
035 _a(OCoLC)610587591
050 1 4 _aPR6073.I428
_bZ53 2010eb
100 1 _aCarradice, Phil.
245 1 0 _aHerbert Williams
_h[electronic resource] /
_cPhil Carradice.
260 _aCardiff :
_bUniversity of Wales Press,
_c2010.
300 _a117 p.
440 0 _aWriters of Wales
504 _aIncludes bibliographical references and index.
533 _aElectronic reproduction.
_bPalo Alto, Calif. :
_cebrary,
_d2013.
_nAvailable via World Wide Web.
_nAccess may be limited to ebrary affiliated libraries.
600 1 0 _aWilliams, Herbert,
_d1932-
650 0 _aAuthors, Welsh
_y20th century
_vBiography.
655 7 _aElectronic books.
_2local
710 2 _aebrary, Inc.
856 4 0 _uhttp://site.ebrary.com/lib/rucke/Doc?id=10633960
_zAn electronic book accessible through the World Wide Web; click to view
999 _c46893
_d46893